[Event "48. NSV Senioren EM 2014"]
[Site "Sottrum"]
[Date "2014.05.28"]
[Round "3.7"]
[White "Montag, Gottfried"]
[Black "Stummeyer, Dieter"]
[Result "1-0"]
[WhiteElo "1774"]
[BlackElo "1886"]
[PlyCount "97"]
[EventDate "2014.??.??"]
[WhiteTeam "SK Neustadt"]
[BlackTeam "SG Garbsen/Marienwerder"]

1. e4 b6 2. d4 Bb7 3. Nc3 e6 4. Nf3 Bb4 5. Bd3 Ne7 6. O-O c5 7. a3 Bxc3 8. bxc3
c4 9. Bxc4 Bxe4 10. Re1 Bb7 11. Bg5 f6 12. Bd2 O-O 13. Bd3 Na6 14. Qe2 Nc7 15.
c4 Re8 16. Bb4 d6 17. Nd2 Nc6 18. Bc3 d5 19. Qh5 f5 20. Qh3 Qf6 21. Nf3 Rad8
22. Ne5 Ne7 23. Qg3 f4 24. Qh3 g6 25. Rab1 dxc4 26. Bxc4 Ned5 27. Bd2 Ne7 28.
Bc3 Ncd5 29. Bb2 Nf5 30. Rbd1 h5 31. Bd3 Nde7 32. Bb5 Rf8 33. Nd7 Qg5 34. Nxf8
Kxf8 35. Rxe6 Nh4 36. Re5 Nef5 37. d5 Bc8 38. Bf1 f3 39. Bc1 Qf6 40. Rde1 Ne3
41. Qg3 Nef5 42. Qg5 Qd6 43. g3 Ng2 44. Bxg2 fxg2 45. Kxg2 Bb7 46. c4 b5 47.
Re6 Qc5 48. Qf6+ Kg8 49. Qxd8+ 1-0

[Event "48. NSV Senioren EM 2014"]
[Site "Sottrum"]
[Date "2014.05.28"]
[Round "3.8"]
[White "Flasche-Alke, Hartmut"]
[Black "Kujat, Werner"]
[Result "1/2-1/2"]
[WhiteElo "1573"]
[BlackElo "1814"]
[PlyCount "112"]
[EventDate "2014.??.??"]
[WhiteTeam "Findorffer Sfr"]
[BlackTeam "Stader SV"]

1. d4 Nf6 2. c4 e6 3. Bg5 Be7 4. Nc3 c6 5. Rc1 O-O 6. Nf3 d6 7. h3 Nbd7 8. e4
e5 9. d5 c5 10. Bd3 a6 11. O-O Ne8 12. Bxe7 Qxe7 13. Qe2 g6 14. Rfe1 Ng7 15.
Qe3 f6 16. Kh2 Nh5 17. Ne2 Rf7 18. g4 Ng7 19. Rg1 Nf8 20. Ng3 Kh8 21. Nd2 Qd7
22. b3 g5 23. Nf5 Nxf5 24. gxf5 h6 25. Be2 b5 26. Bh5 Rg7 27. Rg3 Qe7 28. Rcg1
Bd7 29. Rg4 Be8 30. Bxe8 Qxe8 31. h4 Raa7 32. hxg5 hxg5 33. Qg3 Rh7+ 34. Kg2
Qh5 35. Nf1 Rh6 36. f3 bxc4 37. Qh2 Rb7 38. Qxh5 Rxh5 39. bxc4 Rb2+ 40. Kg3
Rxa2 41. Rg2 Rxg2+ 42. Kxg2 Nd7 43. Kf2 Nb6 44. Nd2 Rh2+ 45. Ke3 Rh1 46. Rg2
Rc1 47. Kd3 Na4 48. Rf2 Rc3+ 49. Ke2 Nb6 50. Rf1 Nxc4 51. Nxc4 Rxc4 52. Ra1 g4
53. Kf2 gxf3 54. Kxf3 Rc3+ 55. Ke2 Rc4 56. Ke3 Rc3+ 1/2-1/2

[Event "48. NSV Senioren EM 2014"]
[Site "Sottrum"]
[Date "2014.05.28"]
[Round "3.9"]
[White "Buck, Klaus-Michael"]
[Black "Klein, Manfred"]
[Result "0-1"]
[WhiteElo "1730"]
[BlackElo "1820"]
[PlyCount "96"]
[EventDate "2014.??.??"]
[WhiteTeam "Stader SV"]
[BlackTeam "SC Sottrum"]

1. Nf3 Nf6 2. b4 g6 3. Bb2 Bg7 4. c4 d6 5. d3 O-O 6. e3 e5 7. Nbd2 Nc6 8. a3
Be6 9. e4 Nd7 10. Nb3 f5 11. b5 Ncb8 12. Be2 fxe4 13. dxe4 Qe7 14. O-O Nf6 15.
Qc2 Nbd7 16. Ng5 c6 17. a4 h6 18. Nxe6 Qxe6 19. Ba3 c5 20. a5 Rad8 21. Rad1 b6
22. a6 Nh7 23. Bc1 Ndf6 24. h3 Ng5 25. Bxg5 hxg5 26. f3 Nh5 27. Nc1 Kf7 28. Rf2
Rh8 29. Bf1 Qf6 30. Ne2 Nf4 31. Nxf4 exf4 32. Qd2 Qe6 33. Qd5 Qxd5 34. Rxd5 Bd4
35. Rxg5 Bxf2+ 36. Kxf2 Rh5 37. Rg4 g5 38. Bd3 Kf6 39. Ke2 Rh4 40. Kd2 Rxg4 41.
fxg4 Ke5 42. Kc3 f3 43. gxf3 Kf4 44. Be2 Rh8 45. Kd2 Rxh3 46. e5 dxe5 47. Bd3
Rxf3 48. Bf5 e4 0-1

[Event "48. NSV Senioren EM 2014"]
[Site "Sottrum"]
[Date "2014.05.28"]
[Round "3.10"]
[White "Kahle, Hartmut"]
[Black "Krawinkel, Hans-Werner"]
[Result "1-0"]
[WhiteElo "1462"]
[BlackElo "1854"]
[PlyCount "71"]
[EventDate "2014.??.??"]
[WhiteTeam "Eystruper SK"]
[BlackTeam "SF Buxtehude"]

1. d4 Nf6 2. Nf3 e6 3. e3 b6 4. Bd2 Bb7 5. c4 d6 6. Nc3 Nbd7 7. Be2 g6 8. O-O
Bg7 9. h3 O-O 10. Qc2 c5 11. d5 exd5 12. cxd5 Nxd5 13. Rfd1 N5f6 14. Nb5 d5 15.
Bc3 Qe7 16. Re1 Rac8 17. Bxf6 Nxf6 18. Nc3 Rcd8 19. Bb5 a6 20. Bf1 b5 21. a3
Rc8 22. Qb1 Qc7 23. Rc1 Qb8 24. Nd2 d4 25. exd4 cxd4 26. Nce4 Nxe4 27. Nxe4
Rxc1 28. Qxc1 Rc8 29. Qd2 Bd5 30. b4 Bc4 31. Nc5 Qd6 32. Bd3 Qb6 33. Re1 Bxd3
34. Qxd3 Qd6 35. Qe4 Bf8 36. Rd1 1-0

[Event "48. NSV Senioren EM 2014"]
[Site "Sottrum"]
[Date "2014.05.28"]
[Round "4.1"]
[White "Davydov, Mihail"]
[Black "Grimm, Uwe"]
[Result "0-1"]
[WhiteElo "2054"]
[BlackElo "2124"]
[PlyCount "82"]
[EventDate "2014.??.??"]
[WhiteTeam "SK Neustadt"]
[BlackTeam "MTV Dannenberg"]

1. c4 Nc6 2. Nc3 e5 3. g3 Nf6 4. Nf3 d6 5. Bg2 Be7 6. d4 Bd7 7. Nd5 Nxd5 8.
cxd5 Nxd4 9. Nxd4 exd4 10. Qxd4 O-O 11. O-O Bf6 12. Qc4 Re8 13. a4 a6 14. Be3
Bxb2 15. Ra2 b5 16. Qc2 Bf6 17. Rc1 b4 18. a5 Rb8 19. Rb1 Bc3 20. Bf3 Qf6 21.
Bd2 Bf5 22. e4 Bxd2 23. exf5 Bc3 24. Kg2 h6 25. Qd3 Ra8 26. h4 Re5 27. Be4 Ree8
28. Bf3 Reb8 29. Rb3 Rb5 30. Qc4 Rc5 31. Qe4 Kf8 32. Qd3 Kg8 33. Qe4 Qd8 34.
Kh3 Qe8 35. Qd3 Qd7 36. g4 Qb5 37. Qb1 Qc4 38. Kg2 Re8 39. Rc2 Rxa5 40. f6 gxf6
41. Qc1 Qxb3 0-1

[Event "48. NSV Senioren EM 2014"]
[Site "Sottrum"]
[Date "2014.05.28"]
[Round "4.2"]
[White "Brunotte, Peter"]
[Black "Meyer, Irmin"]
[Result "1/2-1/2"]
[WhiteElo "2000"]
[BlackElo "1979"]
[PlyCount "40"]
[EventDate "2014.??.??"]
[WhiteTeam "Hamelner SV"]
[BlackTeam "SAbt SV Werder Bremen"]

1. e4 c6 2. d3 d5 3. Nd2 g6 4. Ngf3 Bg7 5. g3 dxe4 6. dxe4 b6 7. Bc4 Nf6 8. O-O
O-O 9. c3 Bg4 10. Re1 Nbd7 11. Qc2 Qc7 12. Kg2 b5 13. Bf1 Nc5 14. h3 Bd7 15.
Nd4 e5 16. N4f3 Rfe8 17. b4 Ne6 18. a4 a6 19. axb5 axb5 20. Rxa8 Rxa8 1/2-1/2

[Event "48. NSV Senioren EM 2014"]
[Site "Sottrum"]
[Date "2014.05.28"]
[Round "4.3"]
[White "Gerhardt, Peter-Michael"]
[Black "Schneider, Alexander"]
[Result "1/2-1/2"]
[WhiteElo "2063"]
[BlackElo "2015"]
[PlyCount "81"]
[EventDate "2014.??.??"]
[WhiteTeam "SC Vahr"]
[BlackTeam "Wilhelmshavener SC von 1887 e. V"]

1. d4 f5 2. e4 fxe4 3. Nc3 g6 4. Nxe4 Bg7 5. Nf3 Nf6 6. Bd3 b6 7. O-O Bb7 8.
Nxf6+ Bxf6 9. Bh6 Nc6 10. c3 e6 11. Re1 Ne7 12. Ne5 Ng8 13. Qd2 Qe7 14. Bf4
O-O-O 15. a4 g5 16. Be3 d6 17. Ng4 h6 18. a5 Qg7 19. axb6 axb6 20. Ra7 Ne7 21.
Ba6 Bxa6 22. Rxa6 Kb7 23. Rea1 Ra8 24. Qe2 Nd5 25. Qb5 c6 26. Qa4 Nc7 27. Ra7+
Rxa7 28. Qxa7+ Kc8 29. Nxf6 Qxf6 30. Qxb6 Kd7 31. Ra7 Rc8 32. h3 Qf5 33. Kh2
Qg6 34. Qb7 Qd3 35. Qb3 Rg8 36. Qb7 Rc8 37. g3 Qf1 38. Qb3 Rf8 39. Qc2 Rf7 40.
Qe4 Qe2 41. Qg6 1/2-1/2

[Event "48. NSV Senioren EM 2014"]
[Site "Sottrum"]
[Date "2014.05.28"]
[Round "4.4"]
[White "Montag, Gottfried"]
[Black "Zotin, Vladimir"]
[Result "0-1"]
[WhiteElo "1774"]
[BlackElo "1870"]
[PlyCount "96"]
[EventDate "2014.??.??"]
[WhiteTeam "SK Neustadt"]
[BlackTeam "Wilhelmshavener SC von 1887 e. V"]

1. e4 e5 2. Nf3 Nc6 3. Bb5 Bc5 4. O-O d6 5. h3 Nge7 6. d3 O-O 7. Bg5 f6 8. Bc4+
Kh8 9. Bd2 d5 10. exd5 Nxd5 11. a3 Nde7 12. Nc3 a6 13. Ne4 Ba7 14. Ng3 b5 15.
Bb3 Nd4 16. Nxd4 Bxd4 17. c3 Bb6 18. Be3 c5 19. Bc2 Be6 20. Qe2 Qc7 21. Rac1
Rad8 22. b4 c4 23. Rfd1 Bxe3 24. fxe3 Nd5 25. Qe1 cxd3 26. Bxd3 Qb6 27. Nf1 Nf4
28. Be4 f5 29. Bb1 Bd5 30. Rc2 Bc4 31. Rxd8 Rxd8 32. Rd2 Rf8 33. Kh1 Nd5 34.
Rf2 Bxf1 35. Rxf1 Nxe3 36. Rf3 f4 37. Qh4 g6 38. Qe7 Qf6 39. Qc5 Kg7 40. Rf2
Rd8 41. Be4 Rd1+ 42. Kh2 Nf1+ 43. Rxf1 Rxf1 44. Qc7+ Kh6 45. Qd7 Qb6 46. h4
Qg1+ 47. Kh3 Qf2 48. Qg4 Rh1# 0-1

[Event "48. NSV Senioren EM 2014"]
[Site "Sottrum"]
[Date "2014.05.28"]
[Round "4.5"]
[White "Kuenitz, Bernhard"]
[Black "Flasche-Alke, Hartmut"]
[Result "1/2-1/2"]
[WhiteElo "1917"]
[BlackElo "1573"]
[PlyCount "72"]
[EventDate "2014.??.??"]
[WhiteTeam "SAbt SV Werder Bremen"]
[BlackTeam "Findorffer Sfr"]

1. c4 e6 2. Nc3 Nf6 3. e4 d6 4. d4 Be7 5. Nf3 b6 6. Bd3 Bb7 7. O-O O-O 8. a3 c5
9. dxc5 bxc5 10. b4 cxb4 11. axb4 a6 12. Bb2 Nc6 13. Qb3 Qb6 14. b5 axb5 15.
cxb5 Nd4 16. Nxd4 Qxd4 17. Ne2 Qb6 18. Bd4 Qd8 19. f3 e5 20. Bb2 Nd7 21. Rxa8
Qb6+ 22. Kh1 Rxa8 23. Nc3 Nc5 24. Qc2 Nxd3 25. Qxd3 Rc8 26. h3 f6 27. Ra1 Ra8
28. Rc1 Kf8 29. Nd5 Bxd5 30. exd5 Rb8 31. Qxh7 Qxb5 32. Qh8+ Kf7 33. Qh5+ Kg8
34. Ba1 Qxd5 35. Qf5 Kf7 36. Qh5+ Kg8 1/2-1/2

[Event "48. NSV Senioren EM 2014"]
[Site "Sottrum"]
[Date "2014.05.28"]
[Round "4.7"]
[White "Stummeyer, Dieter"]
[Black "Elborg, Klaus"]
[Result "0-1"]
[WhiteElo "1886"]
[BlackElo "1671"]
[PlyCount "132"]
[EventDate "2014.??.??"]
[WhiteTeam "SG Garbsen/Marienwerder"]
[BlackTeam "SK Duderstadt"]

1. e4 e6 2. d4 d5 3. e5 c5 4. c3 Nc6 5. Nf3 Bd7 6. a3 Rc8 7. b4 cxd4 8. cxd4
Nge7 9. Bb2 Ng6 10. Nc3 Be7 11. g3 O-O 12. Bd3 f6 13. Bxg6 hxg6 14. Qd3 Be8 15.
O-O f5 16. Bc1 g5 17. Ne2 Bh5 18. Kg2 g4 19. Nfg1 g5 20. Be3 Kg7 21. Qd2 Kg6
22. f4 gxf3+ 23. Nxf3 Bxf3+ 24. Kxf3 Rh8 25. Rh1 Rh3 26. Kg2 Qh8 27. Ng1 Rh5
28. h3 g4 29. h4 Nxe5 30. dxe5 Qxe5 31. Ne2 Qe4+ 32. Kg1 Rc2 33. Nf4+ Kf7 34.
Qd3 Qxd3 35. Nxd3 Rc3 36. Nf4 Rh7 37. Bd4 Rxg3+ 38. Ng2 Bf6 39. Bxf6 Kxf6 40.
Kf2 Rf3+ 41. Ke2 Rc7 42. Rac1 Rxc1 43. Rxc1 Rxa3 44. Rc7 Ra2+ 45. Kf1 b6 46.
Nf4 Ra3 47. Ke2 Ke5 48. Ng6+ Ke4 49. Re7 Re3+ 50. Kd2 Kd4 51. Rxa7 e5 52. Ne7
Ke4 53. Nxf5 Rb3 54. Nd6+ Kf3 55. Rf7+ Kg2 56. Rf5 Rxb4 57. Rxe5 g3 58. h5 Kh2
59. Kc3 g2 60. h6 Rh4 61. Re2 Kh1 62. Nf5 Rc4+ 63. Kd3 g1=Q 64. h7 Qb1+ 65. Ke3
Qe4+ 66. Kd2 Rc2+ 0-1

[Event "48. NSV Senioren EM 2014"]
[Site "Sottrum"]
[Date "2014.05.28"]
[Round "4.8"]
[White "Gudat, Alfons"]
[Black "Kahle, Hartmut"]
[Result "1-0"]
[WhiteElo "1962"]
[BlackElo "1462"]
[PlyCount "67"]
[EventDate "2014.??.??"]
[WhiteTeam "SK Union Oldenburg"]
[BlackTeam "Eystruper SK"]

1. Nf3 c5 2. e4 Nc6 3. Nc3 g6 4. Bc4 Bg7 5. O-O d6 6. h3 Nf6 7. d3 O-O 8. Bg5
a6 9. a4 h6 10. Bh4 Bd7 11. Qd2 Na5 12. Bxf6 exf6 13. Bd5 Rb8 14. Qf4 Be6 15.
Bxe6 fxe6 16. Qg3 Kh7 17. Nh4 g5 18. Nf3 Nc6 19. Rae1 b5 20. axb5 axb5 21. Qg4
b4 22. Ne2 f5 23. exf5 Rxf5 24. Ng3 Rf6 25. Qe4+ Kg8 26. Qxc6 Rb6 27. Qe4 d5
28. Qg4 Kh7 29. Nh5 Rg6 30. Ne5 Bxe5 31. Rxe5 Ra6 32. Rfe1 Qd7 33. Qf3 Qe7 34.
Qxd5 1-0

[Event "48. NSV Senioren EM 2014"]
[Site "Sottrum"]
[Date "2014.05.28"]
[Round "4.9"]
[White "Kujat, Werner"]
[Black "Klein, Manfred"]
[Result "1/2-1/2"]
[WhiteElo "1814"]
[BlackElo "1820"]
[PlyCount "89"]
[EventDate "2014.??.??"]
[WhiteTeam "Stader SV"]
[BlackTeam "SC Sottrum"]

1. d4 Nf6 2. c4 g6 3. Nc3 d5 4. e3 Bg7 5. Nf3 O-O 6. Be2 dxc4 7. Bxc4 c5 8. O-O
Nc6 9. dxc5 Qa5 10. Qb3 Qxc5 11. Be2 Bf5 12. Qb5 Qxb5 13. Nxb5 Rfd8 14. Nbd4
Nxd4 15. exd4 Rac8 16. Bd1 Ne4 17. Be3 Nd6 18. Bb3 Bd3 19. Rac1 Bc4 20. Bxc4
Nxc4 21. b3 Nd6 22. Rxc8 Rxc8 23. Rc1 Rd8 24. g3 Nb5 25. Rc4 b6 26. a4 Nd6 27.
Rc7 Nf5 28. Rxa7 Bxd4 29. Bxd4 Nxd4 30. Nxd4 Rxd4 31. Rxe7 Rd1+ 32. Kg2 Rb1 33.
Re3 Rb2 34. h4 Kg7 35. g4 Kf6 36. Kg3 h5 37. Rf3+ Ke6 38. gxh5 gxh5 39. Rd3 Ke5
40. f3 Rb1 41. Re3+ Kf5 42. Rd3 Ke5 43. Rc3 Rg1+ 44. Kf2 Rb1 45. Rd3 1/2-1/2

[Event "48. NSV Senioren EM 2014"]
[Site "Sottrum"]
[Date "2014.05.28"]
[Round "4.10"]
[White "Krawinkel, Hans-Werner"]
[Black "Buck, Klaus-Michael"]
[Result "1/2-1/2"]
[WhiteElo "1854"]
[BlackElo "1730"]
[PlyCount "73"]
[EventDate "2014.??.??"]
[WhiteTeam "SF Buxtehude"]
[BlackTeam "Stader SV"]

1. c4 g6 2. g3 Bg7 3. Bg2 c5 4. Nc3 Nc6 5. d3 d6 6. Bd2 Bd7 7. a3 a6 8. Rb1 Rb8
9. Qc1 e6 10. Ne4 Qe7 11. Bc3 e5 12. e3 f5 13. Nd2 Nf6 14. Ne2 Be6 15. b4 O-O
16. b5 axb5 17. cxb5 Nd8 18. O-O b6 19. Qc2 Nd5 20. Bb2 Nc7 21. a4 Qf7 22. f4
Nd5 23. Nc4 Qc7 24. fxe5 dxe5 25. e4 Nb4 26. Qc3 Nf7 27. Ba3 Rfd8 28. Bxb4 cxb4
29. Qxb4 Qc5+ 30. Kh1 Bxc4 31. dxc4 fxe4 32. Bxe4 Nd6 33. Bd5+ Kh8 34. Qd2 Nf5
35. Rf3 Ne7 36. Rd1 Nf5 37. g4 1/2-1/2

[Event "48. NSV Senioren EM 2014"]
[Site "Sottrum"]
[Date "2014.05.30"]
[Round "5.1"]
[White "Grimm, Uwe"]
[Black "Zotin, Vladimir"]
[Result "1-0"]
[WhiteElo "2124"]
[BlackElo "1870"]
[PlyCount "113"]
[EventDate "2014.??.??"]
[WhiteTeam "MTV Dannenberg"]
[BlackTeam "Wilhelmshavener SC von 1887 e. V"]

1. f4 e5 2. fxe5 d6 3. Nf3 g5 4. d4 g4 5. Ng5 dxe5 6. c3 Be7 7. Nxf7 Kxf7 8. e4
Nf6 9. Bc4+ Kg7 10. O-O Rf8 11. Qe1 Nh5 12. Be3 Rxf1+ 13. Qxf1 Qf8 14. Qc1 Kg6
15. Na3 a6 16. Qd2 Nd7 17. Rf1 Nhf6 18. Be6 Nb6 19. Bb3 Qd8 20. Bh6 Nfd5 21.
exd5 Bg5 22. Bxg5 Qxg5 23. Qxg5+ Kxg5 24. dxe5 Bf5 25. c4 Re8 26. e6 c6 27. Rd1
c5 28. Nb1 Bxe6 29. dxe6 Rxe6 30. Nc3 a5 31. a3 h5 32. g3 h4 33. gxh4+ Kxh4 34.
Nd5 a4 35. Nf4 Re4 36. Ng2+ Kg5 37. Ba2 Re2 38. Rb1 Rd2 39. Ne3 Kh4 40. Nd1 Kh3
41. Nf2+ Kh4 42. Ne4 Re2 43. Nxc5 Kh3 44. Nd3 Rg2+ 45. Kf1 Kxh2 46. Re1 g3 47.
Re6 Rg1+ 48. Ke2 Rg2+ 49. Ke3 Rc2 50. Rh6+ Kg1 51. Rxb6 Kf1 52. Rxb7 Re2+ 53.
Kd4 Re8 54. Rg7 g2 55. c5 g1=Q+ 56. Rxg1+ Kxg1 57. c6 1-0

[Event "48. NSV Senioren EM 2014"]
[Site "Sottrum"]
[Date "2014.05.30"]
[Round "5.2"]
[White "Schneider, Alexander"]
[Black "Brunotte, Peter"]
[Result "1-0"]
[WhiteElo "2015"]
[BlackElo "2000"]
[PlyCount "113"]
[EventDate "2014.??.??"]
[WhiteTeam "Wilhelmshavener SC von 1887 e. V"]
[BlackTeam "Hamelner SV"]

1. d4 Nf6 2. c4 g6 3. Nc3 Bg7 4. e4 d6 5. Bd3 e5 6. d5 O-O 7. Nge2 Nh5 8. Be3
f5 9. f3 f4 10. Bf2 Na6 11. a3 Nc5 12. Bc2 a5 13. b4 axb4 14. axb4 Rxa1 15.
Qxa1 Na6 16. Qa3 Bf6 17. b5 Nb8 18. b6 Be7 19. bxc7 Qxc7 20. Bd3 Bd7 21. O-O
Na6 22. Rb1 Nc5 23. Bc2 Rb8 24. Bxc5 Qxc5+ 25. Qxc5 dxc5 26. Nc1 Nf6 27. Nd3
Bd6 28. Rb6 Ne8 29. Ba4 Bc7 30. Rb1 Bxa4 31. Nxa4 b6 32. Nc3 Ra8 33. Nb5 Bb8
34. Rb3 Kf7 35. Ra3 Rxa3 36. Nxa3 Kf6 37. Nb2 Nd6 38. Na4 Bc7 39. Nc3 g5 40.
Nab5 Ne8 41. h3 Ke7 42. Nb1 Kd7 43. Kf2 h5 44. N1c3 Nf6 45. Na7 g4 46. hxg4
hxg4 47. Nc6 g3+ 48. Ke2 Bd6 49. Nb5 Ne8 50. Kd3 Nc7 51. Nxc7 Kxc7 52. Kc3 Kd7
53. Kb3 Bc7 54. Ka4 Kd6 55. Kb5 Kd7 56. Na7 Bb8 57. Kxb6 1-0

[Event "48. NSV Senioren EM 2014"]
[Site "Sottrum"]
[Date "2014.05.30"]
[Round "5.3"]
[White "Meyer, Irmin"]
[Black "Gerhardt, Peter-Michael"]
[Result "1/2-1/2"]
[WhiteElo "1979"]
[BlackElo "2063"]
[PlyCount "20"]
[EventDate "2014.??.??"]
[WhiteTeam "SAbt SV Werder Bremen"]
[BlackTeam "SC Vahr"]

1. e4 g6 2. d4 Bg7 3. Nc3 d6 4. f4 e6 5. Nf3 Ne7 6. Be3 Nd7 7. Qd2 b6 8. Be2
Bb7 9. O-O O-O 10. Rad1 Nf6 1/2-1/2

[Event "48. NSV Senioren EM 2014"]
[Site "Sottrum"]
[Date "2014.05.30"]
[Round "5.4"]
[White "Davydov, Mihail"]
[Black "Piastowski, Kurt"]
[Result "1-0"]
[WhiteElo "2054"]
[BlackElo "1983"]
[PlyCount "39"]
[EventDate "2014.??.??"]
[WhiteTeam "SK Neustadt"]
[BlackTeam "SC Turm Lueneburg e.V."]

1. e4 c5 2. Nc3 Nc6 3. g3 Nf6 4. Bg2 d6 5. Nge2 e5 6. a3 Be7 7. Rb1 a5 8. a4
Na7 9. O-O Bd7 10. f4 b5 11. b3 b4 12. Nd5 Nxd5 13. exd5 Bf6 14. Bb2 O-O 15. f5
g6 16. g4 Bg5 17. Ng3 Bf4 18. Ne4 gxf5 19. Rxf4 exf4 20. Nf6+ 1-0

[Event "48. NSV Senioren EM 2014"]
[Site "Sottrum"]
[Date "2014.05.30"]
[Round "5.5"]
[White "Elborg, Klaus"]
[Black "Kuenitz, Bernhard"]
[Result "0-1"]
[WhiteElo "1671"]
[BlackElo "1917"]
[PlyCount "120"]
[EventDate "2014.??.??"]
[WhiteTeam "SK Duderstadt"]
[BlackTeam "SAbt SV Werder Bremen"]

1. d4 e6 2. e4 d5 3. e5 c5 4. c3 Nc6 5. Nf3 cxd4 6. cxd4 Bd7 7. Nc3 Nge7 8. Bd3
Ng6 9. O-O Be7 10. a3 a6 11. Be3 b5 12. Rc1 Rc8 13. b4 O-O 14. Nb1 Qb6 15. Qe2
Rc7 16. Nbd2 Rfc8 17. Nb3 Be8 18. Nc5 Nd8 19. Bxg6 hxg6 20. Ne1 Nb7 21. Ned3
Nxc5 22. bxc5 Qa7 23. Bd2 Bd8 24. Qe1 Re7 25. Ba5 Bc7 26. f4 Bc6 27. g4 Bxa5
28. Qxa5 Qc7 29. Qxc7 Rexc7 30. f5 exf5 31. gxf5 gxf5 32. Rxf5 Bd7 33. Rg5 a5
34. Kg2 Rb8 35. Rg1 g6 36. Nf4 b4 37. Nxd5 Ra7 38. axb4 axb4 39. Nf6+ Kg7 40.
Nxd7 Rxd7 41. Kf3 Ra7 42. Ke4 b3 43. Rb1 Ra2 44. Rg3 Re2+ 45. Re3 Rxh2 46.
Rbxb3 Rh4+ 47. Kf3 Rxb3 48. Rxb3 Rh3+ 49. Ke4 Rxb3 50. c6 Kf8 51. d5 Rb4+ 52.
Kd3 Ke8 53. d6 Kd8 54. Ke3 Rc4 55. c7+ Kd7 56. Kf3 f6 57. exf6 Kxd6 58. c8=Q
Rxc8 59. Kf4 Ke6 60. Kg5 Kf7 0-1

[Event "48. NSV Senioren EM 2014"]
[Site "Sottrum"]
[Date "2014.05.30"]
[Round "5.6"]
[White "Flasche-Alke, Hartmut"]
[Black "Gudat, Alfons"]
[Result "0-1"]
[WhiteElo "1573"]
[BlackElo "1962"]
[PlyCount "93"]
[EventDate "2014.??.??"]
[WhiteTeam "Findorffer Sfr"]
[BlackTeam "SK Union Oldenburg"]

1. d4 Nf6 2. c4 c5 3. Bf4 cxd4 4. Qxd4 Nc6 5. Qd1 e5 6. Bg5 Bc5 7. e3 Qa5+ 8.
Nc3 Ne4 9. Qa4 Qxa4 10. Nxa4 Bb4+ 11. Nc3 Nxg5 12. Nge2 d6 13. O-O-O O-O 14.
Nd5 Ne4 15. Nxb4 Nxb4 16. a3 Nc6 17. Rg1 Nxf2 18. Rd2 Ne4 19. Rd1 Bf5 20. g4
Bg6 21. Bg2 Na5 22. Bxe4 Bxe4 23. Rxd6 Nxc4 24. Rd7 Nxe3 25. Nc3 Bc6 26. Re7 f6
27. h4 Rac8 28. b4 Bf3 29. Rg3 Rxc3+ 30. Kd2 Nd5 31. Rxb7 Rxa3 32. b5 Nf4 33.
Rxf3 Rxf3 34. Rxa7 Rd8+ 35. Kc2 Rc8+ 36. Kb2 Nd3+ 37. Kb3 e4 38. Re7 Nc5+ 39.
Kb4 Nd3+ 40. Ka5 Ne5 41. Ka6 Ra3+ 42. Kb7 Rc5 43. b6 Kf8 44. Rc7 Rb5 45. h5
Rab3 46. Rc8+ Ke7 47. Rc7+ 0-1

[Event "48. NSV Senioren EM 2014"]
[Site "Sottrum"]
[Date "2014.05.30"]
[Round "5.7"]
[White "Klein, Manfred"]
[Black "Montag, Gottfried"]
[Result "1-0"]
[WhiteElo "1820"]
[BlackElo "1774"]
[PlyCount "49"]
[EventDate "2014.??.??"]
[WhiteTeam "SC Sottrum"]
[BlackTeam "SK Neustadt"]

1. d4 d5 2. c4 c6 3. Nc3 Nf6 4. cxd5 cxd5 5. Nf3 Nc6 6. g3 Bf5 7. Bg2 e6 8. O-O
Be7 9. a3 h6 10. Qb3 Qc8 11. Bf4 O-O 12. Nb5 Ne8 13. Ne5 a6 14. Nxc6 Qxc6 15.
Nc3 Nd6 16. Rac1 Qd7 17. Rfe1 b5 18. e4 dxe4 19. Nxe4 Nc4 20. Nc5 Qxd4 21. Bxa8
Bxc5 22. Be3 Qd6 23. Bxc5 Qxc5 24. Bg2 Qb6 25. Rxc4 1-0

[Event "48. NSV Senioren EM 2014"]
[Site "Sottrum"]
[Date "2014.05.30"]
[Round "5.8"]
[White "Kujat, Werner"]
[Black "Gilde, Guenter"]
[Result "1-0"]
[WhiteElo "1814"]
[BlackElo "1842"]
[PlyCount "93"]
[EventDate "2014.??.??"]
[WhiteTeam "Stader SV"]
[BlackTeam "SC Sottrum"]

1. d4 Nf6 2. c4 e5 3. dxe5 Ng4 4. g3 Nxe5 5. e3 Bb4+ 6. Bd2 Bxd2+ 7. Nxd2 d6 8.
Bg2 Nd3+ 9. Kf1 Ne5 10. Ngf3 Nbc6 11. Nxe5 Nxe5 12. b3 c6 13. h3 f5 14. Nf3 O-O
15. Qd4 Nxf3 16. Bxf3 Qc7 17. Rd1 Rf6 18. Kg2 b6 19. Rd2 Bb7 20. Qf4 c5 21.
Bd5+ Bxd5+ 22. Rxd5 Re8 23. Rhd1 Re4 24. Qf3 g6 25. a4 Re5 26. R1d3 Kf7 27. h4
Rxd5 28. Qxd5+ Ke8 29. f3 a5 30. Qg8+ Rf8 31. Qe6+ Qe7 32. Rxd6 Qxe6 33. Rxe6+
Kf7 34. Rxb6 Re8 35. Kf2 h6 36. Rb5 g5 37. Rxc5 gxh4 38. gxh4 Kg6 39. Rxa5 Rd8
40. Ke2 Kh5 41. Rxf5+ Kxh4 42. b4 h5 43. f4 Rg8 44. Rg5 Rb8 45. Kf3 Rxb4 46.
Rg1 Rxc4 47. Rg8 1-0

[Event "48. NSV Senioren EM 2014"]
[Site "Sottrum"]
[Date "2014.05.30"]
[Round "5.9"]
[White "Stummeyer, Dieter"]
[Black "Krawinkel, Hans-Werner"]
[Result "1-0"]
[WhiteElo "1886"]
[BlackElo "1854"]
[PlyCount "75"]
[EventDate "2014.??.??"]
[WhiteTeam "SG Garbsen/Marienwerder"]
[BlackTeam "SF Buxtehude"]

1. e4 c5 2. Nf3 Nc6 3. d4 cxd4 4. Nxd4 e6 5. Nb5 d6 6. Bf4 e5 7. Be3 a6 8. N5c3
Rb8 9. Nd5 b5 10. Bd3 Nge7 11. c4 bxc4 12. Bxc4 Nxd5 13. Bxd5 Bd7 14. O-O Be7
15. Qe2 Nb4 16. Nc3 Nxd5 17. exd5 Qa5 18. Rfe1 O-O 19. a3 Bc8 20. b4 Qd8 21. f3
f5 22. Rec1 Bf6 23. Ra2 Bb7 24. a4 Rc8 25. Qd2 Rc4 26. Rac2 Rxb4 27. Ne4 Rxa4
28. Nxf6+ Qxf6 29. Bg5 Qg6 30. Be7 Rd4 31. Qa5 Rxd5 32. Qc7 Rb5 33. Bxf8 Kxf8
34. Qd8+ Qe8 35. Qxd6+ Kg8 36. Rc7 Kh8 37. Qe7 Qg8 38. Rxb7 1-0

[Event "48. NSV Senioren EM 2014"]
[Site "Sottrum"]
[Date "2014.05.30"]
[Round "5.10"]
[White "Buck, Klaus-Michael"]
[Black "Kahle, Hartmut"]
[Result "0-1"]
[WhiteElo "1730"]
[BlackElo "1462"]
[PlyCount "78"]
[EventDate "2014.??.??"]
[WhiteTeam "Stader SV"]
[BlackTeam "Eystruper SK"]

1. b4 e5 2. a3 d6 3. Bb2 Nf6 4. Nf3 Nc6 5. e3 a6 6. c4 Be7 7. Be2 O-O 8. O-O h6
9. d4 exd4 10. Nxd4 Ne5 11. h3 Bd7 12. Nf3 Nxf3+ 13. Bxf3 Rb8 14. Nd2 Bc6 15.
Qb3 Qd7 16. Bxc6 bxc6 17. Qc2 c5 18. bxc5 dxc5 19. Rfd1 Qc6 20. Nf3 Qe4 21.
Qxe4 Nxe4 22. Be5 Bd6 23. Bxd6 cxd6 24. Nd2 Nc3 25. Re1 Rb2 26. Rac1 Rxd2 27.
Rxc3 Rb8 28. Rf1 Rbb2 29. a4 Kf8 30. g3 Ke7 31. Kg2 Rbc2 32. Rxc2 Rxc2 33. Rb1
Rxc4 34. Rb7+ Ke6 35. Rb8 Rxa4 36. Re8+ Kd5 37. Re7 c4 38. Rxf7 c3 39. Rf4 Rxf4
0-1

[Event "48. NSV Senioren EM 2014"]
[Site "Sottrum"]
[Date "2014.05.31"]
[Round "6.1"]
[White "Schneider, Alexander"]
[Black "Grimm, Uwe"]
[Result "0-1"]
[WhiteElo "2015"]
[BlackElo "2124"]
[PlyCount "68"]
[EventDate "2014.??.??"]
[WhiteTeam "Wilhelmshavener SC von 1887 e. V"]
[BlackTeam "MTV Dannenberg"]

1. c4 Nc6 2. d4 e5 3. d5 Nce7 4. Nc3 Ng6 5. e3 f5 6. Qc2 d6 7. f3 a6 8. Bd3 Nh6
9. b3 Be7 10. Bb2 O-O 11. O-O-O Bd7 12. Kb1 Qe8 13. g3 Bf6 14. h4 e4 15. fxe4
Ng4 16. Re1 N6e5 17. Nh3 Nxd3 18. Qxd3 fxe4 19. Qc2 b5 20. cxb5 axb5 21. Nf4
Qb8 22. Nd1 Qa7 23. Bxf6 Rxf6 24. Nf2 Nxe3 25. Qd2 Ng4 26. Nxe4 Bf5 27. Ka1
Bxe4 28. Rxe4 Nf2 29. Ree1 Nxh1 30. Rxh1 Re8 31. Rc1 Rf7 32. Rc3 Qg1+ 33. Kb2
b4 34. Rf3 Qe1 0-1

[Event "48. NSV Senioren EM 2014"]
[Site "Sottrum"]
[Date "2014.05.31"]
[Round "6.2"]
[White "Meyer, Irmin"]
[Black "Davydov, Mihail"]
[Result "1/2-1/2"]
[WhiteElo "1979"]
[BlackElo "2054"]
[PlyCount "49"]
[EventDate "2014.??.??"]
[WhiteTeam "SAbt SV Werder Bremen"]
[BlackTeam "SK Neustadt"]

1. e4 d5 2. exd5 Qxd5 3. Nc3 Qa5 4. d4 Nf6 5. Nf3 Bf5 6. Bc4 e6 7. Bd2 c6 8.
Nd5 Qd8 9. Nxf6+ gxf6 10. Qe2 Nd7 11. d5 cxd5 12. Bxd5 Qb6 13. Bb3 Rd8 14. Bc3
Bb4 15. Qc4 Bxc3+ 16. Qxc3 Qc5 17. Qd2 Ne5 18. Qe3 Nxf3+ 19. Qxf3 Qe5+ 20. Qe2
Ke7 21. Qxe5 fxe5 22. Ke2 Rhg8 23. Rhg1 Be4 24. f3 Bc6 25. c3 1/2-1/2